| 000 | 00371nam a22001217a 4500 | ||
|---|---|---|---|
| 999 |
_c2602 _d2602 |
||
| 005 | 20200921105320.0 | ||
| 008 | 200921b ||||| |||| 00| 0 eng d | ||
| 020 | _a328942 | ||
| 040 | _cCML | ||
| 245 |
_aTeaching Structural English _cPittman, G.A. |
||
| 260 |
_aGreat Britain _bWestern Printing Service Ltd _c1967 |
||
| 942 |
_2ddc _cBK _e1st Edition _h421 _mPIT |
||